Die 20 meistgesprochenen Sprachen der Welt - Statistiken

Allgemein
  • Dieses Quiz wurde 2.012 mal gespielt
  • Das Durchschnittsergebnis liegt bei 11 aus 20
Antwortstatistiken
Rang
Muttersprachler
in Mio.
Zweitsprachler
in Mio.
Gesamtsprecher
in Mio.
Sprache % Korrekt
1. 372,9 1.080 1.452 Englisch
100%
4. 474,7 73,6 548,3 Spanisch
98%
12. 75,6 59,1 134,6 Hochdeutsch
97%
5. 79,9 194,2 274,1 Französisch
95%
8. 154,0 104,1 258,2 Russisch
88%
2. 929,0 198,7 1.118 Mandarin-Chinesisch
86%
13. 125,3 0,1 125,4 Japanisch
80%
6. 0 274,0 274,0 Hocharabisch
77%
9. 232,4 25,2 257,7 Portugiesisch
76%
3. 343,9 258,3 602,2 Hindi
72%
17. 82,2 5,9 88,1 Türkisch
59%
11. 43,6 155,4 199,0 Indonesisch
35%
20. 84,6 0,7 85,3 Vietnamesisch
30%
10. 70,2 161,0 231,3 Urdu
22%
19. 85,2 0,4 85,6 Kantonesisch
16%
7. 233,7 39,0 272,7 Bengalisch
15%
18. 78,4 8,0 86,4 Tamil
12%
14. 4,7 116 120,7 Nigerianisches Pidgin
6%
16. 82,7 13,0 95,7 Telugu
5%
15. 83,1 16,0 99,1 Marathi
4%
Keine übereinstimmenden Quizze gefunden
Verteilung der Resultate
Anzahl Personen mit jedem Resultat
Perzentil nach korrekt beantworteten Fragen
Ihre Resultats-Entwicklung
Sie haben dieses Quiz noch nicht gespielt